[Event "Anapa Rapid op"]
[Site "Anapa"]
[Date "2023.10.05"]
[Round "9"]
[White "Nazarova, Evgeniya"]
[Black "Grif, Sergei"]
[Result "0-1"]
[WhiteElo "1610"]
[BlackElo "2124"]
[PlyCount "54"]
[EventDate "2023.10.03"]
[EventType "swiss (rapid)"]
[EventRounds "11"]
[EventCountry "RUS"]
[SourceTitle "Mega2024 Update 01"]
[Source "Chessbase"]
[SourceDate "2023.11.12"]
[SourceVersion "1"]
[SourceVersionDate "2023.11.12"]
[SourceQuality "1"]

1. d4 Nf6 2. Nf3 e6 3. e3 d5 4. Bd3 Bd6 5. Nbd2 0-0 6. b3 b6 7. Ne5 Bb7 8. Qf3 Nbd7 9. Bb2 c5 10. Qh3 g6 11. 0-0 Rc8 12. f4 cxd4 13. exd4 Ne4 14. Nxe4 dxe4 15. Bc4 Nf6 16. g4 b5 17. Bxb5 Rxc2 18. Rf2 Rxb2 19. Rxb2 Bxe5 20. dxe5 Qd4+ 21. Kf1 Qxb2 22. Re1 Nd5 23. Bc4 Nxf4 24. Qg3 Nd3 25. Re2 Qc1+ 26. Kg2 e3+ 27. Kh3 Qf1+ 0-1

[Event "Anapa Rapid op"]
[Site "Anapa"]
[Date "2023.10.04"]
[Round "8"]
[White "Grif, Sergei"]
[Black "Akentjev, Kirill"]
[Result "1-0"]
[WhiteElo "2124"]
[BlackElo "1411"]
[PlyCount "63"]
[EventDate "2023.10.03"]
[EventType "swiss (rapid)"]
[EventRounds "11"]
[EventCountry "RUS"]
[SourceTitle "Mega2024 Update 01"]
[Source "Chessbase"]
[SourceDate "2023.11.12"]
[SourceVersion "1"]
[SourceVersionDate "2023.11.12"]
[SourceQuality "1"]

1. e4 e6 2. d4 d5 3. Nc3 Bb4 4. e5 c5 5. a3 Bxc3+ 6. bxc3 Ne7 7. Qg4 cxd4 8. cxd4 Qc7 9. Bd2 Nbc6 10. Nf3 Nf5 11. c3 Bd7 12. Bd3 h5 13. Qg5 Nce7 14. 0-0 0-0-0 15. Nh4 f6 16. exf6 gxf6 17. Qxf6 Rdf8 18. Qg5 Rhg8 19. Nxf5 Rxg5 20. Nxe7+ Kb8 21. Bxg5 Be8 22. Rac1 b5 23. Rfe1 Qd6 24. h4 Ka8 25. Ng6 Bxg6 26. Bxg6 Qxa3 27. Rxe6 a5 28. Bxh5 a4 29. Bf3 Rf5 30. Rb1 Qxc3 31. Rxb5 Ka7 32. Be2 1-0

[Event "Anapa Rapid op"]
[Site "Anapa"]
[Date "2023.10.04"]
[Round "4"]
[White "Grif, Sergei"]
[Black "Grebnev, Aleksey"]
[Result "0-1"]
[WhiteElo "2124"]
[BlackElo "2492"]
[PlyCount "82"]
[EventDate "2023.10.03"]
[EventType "swiss (rapid)"]
[EventRounds "11"]
[EventCountry "RUS"]
[SourceTitle "Mega2024 Update 01"]
[Source "Chessbase"]
[SourceDate "2023.11.12"]
[SourceVersion "1"]
[SourceVersionDate "2023.11.12"]
[SourceQuality "1"]

1. e4 c5 2. Nf3 Nc6 3. Bb5 e5 4. 0-0 Bd6 5. Re1 Nge7 6. c3 0-0 7. d4 cxd4 8. cxd4 exd4 9. Nxd4 Bc5 10. Be3 Qb6 11. Nxc6 dxc6 12. Bxc5 Qxc5 13. Bf1 Be6 14. Nc3 Ng6 15. Qc2 Rfd8 16. Rad1 Ne5 17. Rxd8+ Rxd8 18. Rd1 Re8 19. Qd2 h6 20. Qd4 Qxd4 21. Rxd4 g5 22. a3 Kf8 23. f3 Ke7 24. Kf2 b5 25. Be2 a5 26. g3 Rg8 27. Nd1 Nd7 28. f4 f6 29. Ne3 Nc5 30. Kf3 Bd7 31. Rd1 Rb8 32. h4 gxh4 33. gxh4 Rg8 34. e5 fxe5 35. fxe5 Rf8+ 36. Kg2 Rf4 37. Rc1 Nb3 38. Rc3 Nd4 39. Bd1 Rxh4 40. Bf3 Rf4 41. Nd1 Ke6 0-1

[Event "Novosibirsk Sputnik op"]
[Site "Novosibirsk"]
[Date "2010.06.23"]
[Round "7"]
[White "Kuzmin, Georgy"]
[Black "Grif, Sergei"]
[Result "1/2-1/2"]
[WhiteElo "1988"]
[BlackElo "2146"]
[PlyCount "46"]
[EventDate "2010.06.15"]
[EventType "swiss"]
[EventRounds "9"]
[EventCountry "RUS"]
[SourceTitle "EXT 2011"]
[Source "ChessBase"]
[SourceDate "2010.11.26"]
[SourceVersion "1"]
[SourceVersionDate "2010.11.26"]
[SourceQuality "1"]

1. e4 c5 2. c3 Nf6 3. e5 Nd5 4. d4 cxd4 5. cxd4 d6 6. Nf3 Nc6 7. Bc4 Nb6 8. Bb3 dxe5 9. d5 Na5 10. Nc3 f6 11. Be3 g6 12. Rc1 e6 13. Nb5 Bb4+ 14. Kf1 0-0 15. Nc7 Rb8 16. dxe6 Qxd1+ 17. Rxd1 Nxb3 18. axb3 Be7 19. Ke2 Rd8 20. b4 Bd6 21. Nb5 Be7 22. Nc7 Bd6 23. Nb5 Be7 1/2-1/2

[Event "Novosibirsk Sputnik op"]
[Site "Novosibirsk"]
[Date "2010.06.17"]
[Round "3"]
[White "Beletsky, Alexey"]
[Black "Grif, Sergei"]
[Result "1-0"]
[WhiteElo "2322"]
[BlackElo "2146"]
[PlyCount "55"]
[EventDate "2010.06.15"]
[EventType "swiss"]
[EventRounds "9"]
[EventCountry "RUS"]
[SourceTitle "EXT 2011"]
[Source "ChessBase"]
[SourceDate "2010.11.26"]
[SourceVersion "1"]
[SourceVersionDate "2010.11.26"]
[SourceQuality "1"]

1. d4 Nf6 2. c4 g6 3. Nc3 Bg7 4. e4 0-0 5. Nf3 d6 6. Be2 e5 7. dxe5 dxe5 8. Qxd8 Rxd8 9. Nd5 Nxd5 10. cxd5 c6 11. Bc4 cxd5 12. Bxd5 Nd7 13. Bg5 Re8 14. 0-0-0 Nf6 15. Bxf6 Bxf6 16. Nd2 Bg5 17. Kb1 Bxd2 18. Rxd2 Rb8 19. Rc1 Re7 20. Rdc2 Be6 21. Rc7 Rxc7 22. Rxc7 Bxd5 23. exd5 Kf8 24. Kc2 a6 25. Kd3 b5 26. Ke4 Re8 27. g4 h5 28. g5 1-0

[Event "Novosibirsk Sputnik op"]
[Site "Novosibirsk"]
[Date "2010.06.16"]
[Round "2"]
[White "Goryachkin, Alexey"]
[Black "Grif, Sergei"]
[Result "0-1"]
[WhiteElo "1878"]
[BlackElo "2146"]
[PlyCount "84"]
[EventDate "2010.06.15"]
[EventType "swiss"]
[EventRounds "9"]
[EventCountry "RUS"]
[SourceTitle "EXT 2011"]
[Source "ChessBase"]
[SourceDate "2010.11.26"]
[SourceVersion "1"]
[SourceVersionDate "2010.11.26"]
[SourceQuality "1"]

1. d4 Nf6 2. c4 g6 3. Nc3 Bg7 4. e4 0-0 5. Nf3 d6 6. Be2 e5 7. 0-0 Nc6 8. d5 Ne7 9. Ne1 Nd7 10. Be3 f5 11. f3 f4 12. Bf2 g5 13. a4 a5 14. Nd3 b6 15. b4 axb4 16. Nxb4 Nf6 17. a5 bxa5 18. Nd3 c5 19. dxc6 Nxc6 20. Qa4 Nd4 21. c5 Bd7 22. Qd1 Bc6 23. Rb1 Rb8 24. Kh1 Rxb1 25. Qxb1 Kh8 26. Qa2 Qc7 27. Rb1 Nxe2 28. Nxe2 d5 29. exd5 Bxd5 30. Qa4 e4 31. fxe4 Bxe4 32. Rd1 f3 33. Ng3 fxg2+ 34. Kg1 Bc6 35. Qc4 Qd7 36. Nb2 Qh3 37. Rd4 Nh5 38. Nxh5 Qxh5 39. Nd1 Be5 40. h4 Qf3 41. Qe6 Re8 42. Qa2 Qh3 0-1

[Event "Novosibirsk op 04"]
[Site "Novosibirsk"]
[Date "2009.04.13"]
[Round "8"]
[White "Vorobjov, Stanislav"]
[Black "Grif, Sergei"]
[Result "0-1"]
[WhiteElo "2175"]
[BlackElo "2146"]
[PlyCount "72"]
[EventDate "2009.04.03"]
[EventType "swiss"]
[EventRounds "9"]
[EventCountry "RUS"]
[SourceTitle "EXT 2012"]
[Source "ChessBase"]
[SourceDate "2011.11.24"]
[SourceVersion "1"]
[SourceVersionDate "2011.11.24"]
[SourceQuality "1"]

1. e4 c5 2. c3 Nf6 3. e5 Nd5 4. d4 e6 5. c4 Nb6 6. d5 d6 7. Nf3 dxe5 8. Nxe5 exd5 9. cxd5 Qxd5 10. Bb5+ N8d7 11. Qxd5 Nxd5 12. 0-0 a6 13. Bc4 N7b6 14. Re1 Nxc4 15. Nxc4+ Be6 16. Nc3 Nxc3 17. bxc3 0-0-0 18. Ne5 Bd6 19. f4 Rhe8 20. Be3 f6 21. Nd3 Bc4 22. Nb2 Bb5 23. c4 Bc6 24. Nd3 b6 25. a4 a5 26. Rab1 Kc7 27. Ra1 Re4 28. Nb2 Rde8 29. Kf2 Bxf4 30. Nd1 Rxc4 31. g3 Rc2+ 32. Re2 Rxe2+ 33. Kxe2 Bxe3 34. Nxe3 Re4 35. Kd3 Rxa4 36. Re1 Be4+ 0-1

[Event "Novosibirsk op 04"]
[Site "Novosibirsk"]
[Date "2009.04.06"]
[Round "3"]
[White "Grif, Sergei"]
[Black "Faleev, Vasily"]
[Result "1/2-1/2"]
[WhiteElo "2146"]
[BlackElo "1959"]
[PlyCount "70"]
[EventDate "2009.04.03"]
[EventType "swiss"]
[EventRounds "9"]
[EventCountry "RUS"]
[SourceTitle "EXT 2012"]
[Source "ChessBase"]
[SourceDate "2011.11.24"]
[SourceVersion "1"]
[SourceVersionDate "2011.11.24"]
[SourceQuality "1"]

1. e4 e5 2. Nf3 Nc6 3. Bb5 a6 4. Ba4 Nf6 5. 0-0 Nxe4 6. d4 b5 7. Bb3 d5 8. dxe5 Be6 9. c3 Bc5 10. Nbd2 0-0 11. Bc2 f5 12. exf6 Nxf6 13. Nb3 Bb6 14. Nbd4 Nxd4 15. Nxd4 Bd7 16. Bg5 c5 17. Nb3 Bc6 18. Qd2 Ra7 19. Rae1 Raf7 20. Bf5 Bd7 21. Bb1 Bc6 22. Qc2 g6 23. Qd2 d4 24. f3 Qd7 25. Kh1 dxc3 26. bxc3 Qxd2 27. Bxd2 Bd5 28. Be3 Bxb3 29. axb3 Nd5 30. Bd2 Ba5 31. Rc1 Rd7 32. Rfe1 Nf4 33. Be3 Nd3 34. Bxd3 Rxd3 35. Bxc5 Bxc3 1/2-1/2

[Event "Novosibirsk op 04"]
[Site "Novosibirsk"]
[Date "2009.04.04"]
[Round "2"]
[White "Trofimov, Viktor"]
[Black "Grif, Sergei"]
[Result "1/2-1/2"]
[WhiteElo "1791"]
[BlackElo "2146"]
[PlyCount "31"]
[EventDate "2009.04.03"]
[EventType "swiss"]
[EventRounds "9"]
[EventCountry "RUS"]
[SourceTitle "EXT 2012"]
[Source "ChessBase"]
[SourceDate "2011.11.24"]
[SourceVersion "1"]
[SourceVersionDate "2011.11.24"]
[SourceQuality "1"]

1. d4 Nf6 2. Nf3 g6 3. Bg5 Ne4 4. Bh4 Bg7 5. Nbd2 d5 6. e3 0-0 7. Bd3 f5 8. c4 c6 9. cxd5 cxd5 10. Qb3 Nc6 11. Nxe4 Na5 12. Qa3 fxe4 13. Bxe7 Qc7 14. Bd6 Qd8 15. Be7 Qb6 16. Bc5 1/2-1/2

[Event "Capital of Sibiria op"]
[Site "Novosibirsk"]
[Date "2002.07.26"]
[Round "8"]
[White "Grif, Sergei"]
[Black "Kozhevnikov, Evgraf"]
[Result "1-0"]
[WhiteElo "2118"]
[BlackElo "2036"]
[PlyCount "55"]
[EventDate "2002.07.19"]
[EventType "swiss"]
[EventRounds "9"]
[EventCountry "RUS"]
[SourceTitle "CBM 089 Extra"]
[Source "ChessBase"]
[SourceDate "2002.09.10"]
[SourceVersion "2"]
[SourceVersionDate "2002.09.10"]
[SourceQuality "1"]

1. e4 c5 2. d4 cxd4 3. c3 dxc3 4. Nxc3 e6 5. Nf3 Nc6 6. Bc4 Nf6 7. e5 Ng4 8. Bf4 Qb6 9. Qe2 Nd4 10. Nxd4 Qxd4 11. Bg3 h5 12. h3 Nh6 13. 0-0 Nf5 14. Bh2 a6 15. Rfd1 Qa7 16. Rac1 b5 17. Bxb5 Nd4 18. Rxd4 Qxd4 19. Rd1 Qa7 20. Ba4 Rb8 21. Bf4 Rb4 22. Be3 Bc5 23. Bxc5 Qxc5 24. Ne4 Qb6 25. Nd6+ Ke7 26. Nxc8+ Rxc8 27. Rxd7+ Kf8 28. Qxh5 1-0

[Event "Capital of Sibiria op"]
[Site "Novosibirsk"]
[Date "2002.07.21"]
[Round "3"]
[White "Eltsov, Roman"]
[Black "Grif, Sergei"]
[Result "1-0"]
[WhiteElo "2242"]
[BlackElo "2118"]
[PlyCount "100"]
[EventDate "2002.07.19"]
[EventType "swiss"]
[EventRounds "9"]
[EventCountry "RUS"]
[SourceTitle "CBM 089 Extra"]
[Source "ChessBase"]
[SourceDate "2002.09.10"]
[SourceVersion "2"]
[SourceVersionDate "2002.09.10"]
[SourceQuality "1"]

1. d4 Nf6 2. c4 g6 3. Nc3 Bg7 4. e4 d6 5. f3 0-0 6. Be3 c6 7. Nge2 a6 8. d5 c5 9. Ng3 Qc7 10. Be2 e6 11. a4 exd5 12. cxd5 Nbd7 13. Nf1 Re8 14. Nd2 Ne5 15. 0-0 Rb8 16. h3 c4 17. a5 Bd7 18. Ba7 Ra8 19. Bb6 Qc8 20. f4 Nd3 21. Bxd3 cxd3 22. Rc1 Re7 23. Qf3 Qf8 24. Nc4 d2 25. Rcd1 Ne8 26. Nxd2 Rc8 27. Rfe1 f5 28. Re2 fxe4 29. Ndxe4 Rf7 30. Rf2 Rc4 31. Qd3 Rb4 32. Rdf1 Bf5 33. g4 Bxe4 34. Nxe4 Rxb2 35. Ng5 Rxf2 36. Rxf2 Re7 37. Ne6 Qf7 38. f5 gxf5 39. Rxf5 Qg6 40. Bd4 Rf7 41. Nf4 Bxd4+ 42. Qxd4 Qg7 43. Qe4 Rxf5 44. Qxf5 Qe5 45. Qxe5 dxe5 46. Nd3 e4 47. Nc5 Nd6 48. Kf2 Kg7 49. Ke3 Nc4+ 50. Kxe4 Nxa5 1-0